Holiday Quiz

Random Holiday or Chinese Quiz

Chinese New Year Quiz Stats

Quiz not verified by Sporcle

Challenge
Share
Tweet
Embed
Score 0/10 Timer 03:00
0 Plays Today
Hint Answer % Correct
Does the date of Chinese New Year change?Yes
85%
The same zodiac year comes round once every how many years?12
83.8%
What animal has its own Chinese New Year dance?Dragon
77.5%
What does 'Xin nian kuai le!' mean?Happy New Year
57.5%
What is the upcoming year in the zodiac?Sheep
47.5%
What year is finishing in the zodiac?Horse
36.3%
Which type of animal represents wish or abundance (as a food)?Fish
31.3%
What date is Chinese New Year 2015?19th February
28.8%
Which food represents a long life?Noodles
22.5%
What special food is made from glutinous rice flour?Nian gao
16.3%

You're not logged in!

Compare scores with friends on all Sporcle quizzes.
Join for Free
OR
Log In

You Might Also Like...

Show Comments

Extras

Created Feb 7, 2015ReportNominate
Tags:Chinese Quiz, New Year

Top Quizzes Today


Score Distribution

Your Account Isn't Verified!

In order to create a playlist on Sporcle, you need to verify the email address you used during registration. Go to your Sporcle Settings to finish the process.

Report this User

Report this user for behavior that violates our Community Guidelines.

Details: